000 00936nam a2200253 i 4500
001 169077
003 ES-MaACL
005 20250804062630.0
008 080806s2006 sp |||| | spa d
020 _a978-84-8103-486-8
080 _a821.134.2-31"18"
100 1 _aPérez Galdós, Benito,
_d1843-1920
_990871
245 1 0 _aMarianela
_b; La familia de León Roch /
_cBenito Pérez Galdós ; edición de Yolanda Arencibia ; prólogo de José María Merino.
260 _aLas Palmas de Gran Canaria :
_bCabildo de Gran Canaria,
_c2006.
300 _a545 p. ;
_c21 cm.
490 1 _aArte, naturaleza y verdad ;
_v7
700 1 _aArencibia, Yolanda
_922611
700 1 _aMerino, José María,
_d1941-
_9149582
710 1 _aGran Canaria.
_bCabildo Insular.
_92264
740 3 _aLa familia de León Roch.
830 0 _aArte, naturaleza y verdad ;
_v7
_9188837
852 _aES-MaACL
_jL-29563
999 _c169077
_d169077